| 000 | 00431nam a2200181Ia 4500 | ||
|---|---|---|---|
| 005 | 20251020182530.0 | ||
| 008 | 200515s9999 xx 000 0 und d | ||
| 082 | _a696.66/R78 | ||
| 100 | _aROLDAN VILORIA, J. | ||
| 245 | 0 | _aInstalaciones eléctricas para la vivienda | |
| 250 | _a6a ed. | ||
| 260 | _aMadrid | ||
| 260 | _c2000 | ||
| 500 | _a1 ejemplar | ||
| 650 | _aINSTALACIONES ELECTRICAS | ||
| 650 | _aLIB | ||
| 942 | _cLIB | ||
| 999 |
_c2031 _d2031 |
||